00325nam a2200133Ia 45000030006000000080041000060400015000471000022000622450029000842500010001132600039001235460012001620050017001740STCL150530s9999 xx 000 0 und d aSTCLcSTCL aKunhikannan, T.P. aPre Degree Dhanasasthram aFirst bState Institute of Languagesc1986 aEnglish20220125165526.0